| 000 | 00459pam a2200181 4500 | ||
|---|---|---|---|
| 020 | _a0716706938 | ||
| 040 | _cDLC | ||
| 082 | 0 | 0 | _a574 W.H 1973 A027 Or. |
| 100 | 1 | _aSokal, Robert R. | |
| 245 | 1 | 0 | _aIntroduction to biostatistics |
| 260 |
_aSan Francisco, _bW. H. Freeman _c[1973] |
||
| 300 |
_axiii, 368 p. _c25 cm. |
||
| 490 | 0 | _aA Series of books in biology | |
| 650 | 0 | _aBiometry. | |
| 650 | 2 | _aBiometry. | |
| 700 | 1 | _aRohlf, F. James, | |
| 942 | _cEK | ||
| 999 |
_c12915 _d12915 |
||